00393nam a2200145Ia 4500008004100000020001500041041001200056082001600068100002100084245007800105260002400183300001000207650001400217700001600231221030s9999 xx 000 0 und d a0070445354 aEnglish a105.23bHut aS. E. Hutchinson 0aComputers, Communications & Informationcby S. E. Hutchinson, S.C. Sawyer bTMHaNew Delhic201 a14.43 aCOMPUTERS aS.C. Sawyer